Decentralized trustless cross-chain bridge

Saved in:
Bibliographic Details
Main Author: Rybak, Andrii (Author)
Other Authors: Košťál, Kristián (Thesis advisor)
Format: Manuscript Book
Language:Slovak
English
Published: 2025
Subjects:
Online Access:http://is.stuba.sk/zp/portal_zp.pl?podrobnosti=183608
Tags: Add Tag
No Tags, Be the first to tag this record!

MARC

LEADER 00000ntm a22000003a 4500
001 stuzp105869
003 SK-STU
005 20250607211909.7
007 ta
008 150427s2015----xo-----f-mn---000-0-slo-d
040 |a STU  |b slo 
041 0 |a eng 
100 1 |a Rybak, Andrii  |u 070400  |k Z4  |4 aut  |U FIIT Fakulta informatiky a informačných technológií  |T FIIT Ústav počítačového inžinierstva a aplikovanej informatiky  |X 105840  |U I400  |Y 672  |7 105840 
242 0 1 |a Decentralizovaný bezdôverový most medzi blockchainovými sieťami  |y slo 
245 1 0 |a Decentralized trustless cross-chain bridge 
260 |c 2025 
650 4 |a Blockchain  |2 eng 
650 4 |a Formal Verification  |2 eng 
650 4 |a Interoperability  |2 eng 
650 4 |a Zero-Knowledge Proofs (ZKP)  |2 eng 
650 4 |a Cross-Chain Bridges  |2 eng 
650 4 |a zkBridge  |2 eng 
650 4 |a zkBridge  |2 slo 
650 4 |a Cross-Chain Bridges  |2 slo 
650 4 |a Interoperabilita  |2 slo 
650 4 |a Blockchain  |2 slo 
650 4 |a Zero-Knowledge Proofs (ZKP)  |2 slo 
650 4 |a Formálna Verifikácia  |2 slo 
700 1 |a Košťál, Kristián  |u 070400  |k Z1  |4 ths  |U FIIT Fakulta informatiky a informačných technológií  |T FIIT Ústav počítačového inžinierstva a aplikovanej informatiky  |X 52559  |U I400  |Y 672  |7 52559 
856 4 |u http://is.stuba.sk/zp/portal_zp.pl?podrobnosti=183608